000 00930nam a22003017a 4500
001 BR8900588
003 BR-BrBNA
005 20230928093135.0
007 ta
008 230509b bl.||||| |||| 00| 0 por d
040 _aBR-BrBNA
_bpor
_cBiblioteca Nacional de Agricultura
041 _a(Por)
072 _aF50
_b3100
_b3200
090 _ 3100 BR8900588
100 1 _aGuimaraes, J.L.
110 1 _aUniversidade Federal Rural do Rio de Janeiro, Itaguai (Brasil). Inst. de Biologia
_911235
245 1 _aOrganografia vegetal (morfologia externa relacionada com as angiospermas e gimnospermas)
250 1 _a2. ed. (revisada e melhorada)
260 3 _aItaguai, RJ (Brasil):
_c1981.
300 _a156 p.
500 _a165 illus.; 19 ref.
650 _aARVORE ANGIOSPERMA
650 _aARVORE GIMNOSPERMA
650 _aMORFOLOGIA VEGETAL
650 _aBOTANICA
909 _a202309
_bLucia
_c55
_dLucia Elande
942 _cBK
999 _c43227
_d43227